| 000 | 00481 a2200205 4500 | ||
|---|---|---|---|
| 001 | 138858 | ||
| 020 | _a9788508145706 | ||
| 040 | _cLeonardo Da Vinci | ||
| 041 | _aPortuguês | ||
| 082 |
_a028.5 A444x _bA444x |
||
| 100 | _aALMEIDA, Lúcia Machado de | ||
| 245 | _aXisto e o passáro cósmico | ||
| 250 | _a5.ed. | ||
| 260 |
_bÁtica _c2011 _aSão Paulo |
||
| 300 | _a80 | ||
| 362 | _a20110000 | ||
| 490 | _aVaga-lume | ||
| 500 | _aBiblioteca Alphaville 2 | ||
| 942 | _cBK | ||
| 999 |
_c138858 _d138858 |
||